| 000 | 00925nam a22002417a 4500 | ||
|---|---|---|---|
| 003 | DO-SdBNP | ||
| 005 | 20211022153613.0 | ||
| 007 | ta | ||
| 008 | 210628b dr d|||fr|||| 00| 0 spa d | ||
| 040 |
_aDO-SdBNP _bspa _cBNPHU |
||
| 082 | 4 |
_222 _bH557i |
|
| 100 | 1 |
_dHernández R., Frank M. _979015 |
|
| 245 | 1 | 0 |
_aInforme del estudio de recursos humanos de nivel superior / _cFrank M. Hernández |
| 260 |
_aSanto Domingo : _bCEDEM, _c[1971?]. |
||
| 300 |
_a[75 p.] ; _c27 cm. |
||
| 490 | 1 |
_aDesarrollo Empresrial; _v1 |
|
| 505 | 2 |
_aIntroducción.-- _tHipótesis.-- _tMetodología.-- _tJustificación del estudio.-- _tLa educación superior.-- _tLa población profesional.-- _tLas profesiones.-- _tConclusiones.-- _tRecomendaciones.-- _tApéndice. |
|
| 590 | _aInventariado 2021 / MF | ||
| 650 | 1 | 4 |
_922497 _aRecursos humanos _zRepública Dominicana |
| 830 | 0 |
_aDesarrollo Empresrial _n1 _979016 |
|
| 910 | _aMF | ||
| 942 |
_2ddc _cLFM |
||
| 999 |
_c50010 _d50010 |
||